|
|
|
|
| LEADER |
00000cas a2200000 a 4500 |
| 001 |
vtls008162700 |
| 003 |
SK-MaSNL |
| 005 |
20260228163525.0 |
| 008 |
170801c19969999xo ar| 0 b0slo |
| 040 |
|
|
|a SNK
|b slo
|c SNK
|e AACR2
|
| 041 |
0 |
|
|a slo
|
| 043 |
|
|
|a e-xo---
|
| 044 |
|
|
|a xo
|c SK
|
| 072 |
|
7 |
|a 394
|x Verejný a spoločenský život. Každodenný život
|2 konspekt
|
| 072 |
|
7 |
|a 352/354
|x Stupne miestnej, oblastnej a ústrednej správy
|2 konspekt
|
| 072 |
|
7 |
|a 316.7
|x Sociológia kultúry. Kultúrny život
|2 konspekt
|
| 080 |
|
|
|a 050
|2 2011
|
| 080 |
|
|
|a 394
|2 2011
|
| 080 |
|
|
|a 353.9
|2 2011
|
| 080 |
|
|
|a 316.728
|2 2011
|
| 080 |
|
|
|a (437.6)
|2 2011
|
| 245 |
0 |
0 |
|a Fintická mozaika
|b dvojmesačník Obecného úradu
|
| 260 |
|
|
|a Fintice
|b Obecný úrad Fintice
|c [1996]-
|
| 300 |
|
|
|a zv.
|c 30 cm
|
| 310 |
|
|
|a 1x ročne
|b 2017-
|
| 321 |
|
|
|a 6x ročne
|b [1996]-2003
|
| 321 |
|
|
|a 2x ročne
|b 2004-20??, 2016
|
| 321 |
|
|
|a 1x ročne
|b 2012-2015
|
| 362 |
0 |
|
|a [1996]-
|
| 500 |
|
|
|a Popis podľa: Roč. IV, č. 1 (2000)
|
| 500 |
|
|
|a Od r. 2004 bez podnázvu
|
| 515 |
|
|
|a V r. 2004-2005 má priebežné číslovanie
|
| 650 |
0 |
7 |
|a každodenný život
|2 SNKPH
|9 4946
|
| 650 |
0 |
7 |
|a územná samospráva
|2 SNKPH
|9 802
|
| 651 |
|
7 |
|a Fintice (Slovensko)
|2 SNKPHgeo
|9 57072
|
| 655 |
|
7 |
|a miestne periodiká
|2 SNKPH
|9 160938
|
| 856 |
4 |
0 |
|u http://www.fintice.sk/index.php?page_id=63
|
| 910 |
|
|
|a snk
|
| 999 |
|
|
|c 9739
|d 11669
|
| 952 |
|
|
|0 0
|1 0
|4 0
|7 0
|8 0
|a SNK
|b SNK
|d 2007-06-13
|i snk2007/15238
|l 0
|o snkČSB 5414/4/2000-2001
|p 17A0477996
|r 2026-02-21 20:20:19
|t č. 1-6
|w 2026-02-21
|y PREZ
|
| 952 |
|
|
|0 0
|1 0
|4 0
|7 0
|8 0
|a SNK
|b SNK
|d 2007-06-13
|i snk2007/15239
|l 0
|o snkČSB 5414/5/2001
|p 17A0534742
|r 2026-02-21 20:20:19
|t č. 1-5, neúplné
|w 2026-02-21
|y PREZ
|z Chýba č. 2
|
| 952 |
|
|
|0 0
|1 0
|4 0
|7 0
|8 0
|a SNK
|b SNK
|d 2007-06-13
|i snk2007/15242
|l 0
|o snkČSB 5414/6/2002-2003
|p 17A0477997
|r 2026-02-21 20:20:19
|t č. 1-6, neúplné
|w 2026-02-21
|y PREZ
|z Chýba č. 4
|
| 952 |
|
|
|0 0
|1 0
|4 0
|7 0
|8 0
|a SNK
|b SNK
|d 2017-07-31
|i snk2017/17402
|l 0
|o snkČSB 5414/7/2004
|p 17A1262838
|r 2026-02-21 21:48:37
|t č. 1-2, neúplné
|w 2026-02-21
|y PREZ
|z Chýba č. 1
|
| 952 |
|
|
|0 0
|1 0
|4 0
|7 0
|8 0
|a SNK
|b SNK
|d 2017-07-31
|i snk2017/17402
|l 0
|o snkČSB 5414/8/2005
|p 17A1262839
|r 2026-02-21 21:48:37
|t č. 3-4
|w 2026-02-21
|y PREZ
|
| 952 |
|
|
|0 0
|1 0
|4 0
|7 0
|8 0
|a SNK
|b SNK
|d 2017-07-31
|i snk2017/17402
|l 0
|o snkČSB 5414/9/2006
|p 17A1262840
|r 2026-02-21 21:48:37
|t len č. 1
|w 2026-02-21
|y PREZ
|
| 952 |
|
|
|0 0
|1 0
|4 0
|7 0
|8 0
|a SNK
|b SNK
|d 2017-07-31
|i snk2017/17412
|l 0
|o snkČSB 5414/2012
|p 17A1262841
|r 2026-02-21 21:48:37
|t č. dec.
|w 2026-02-21
|y PREZ
|z Obs. Poradňu pre kompostovanie v kompostéri..(dec. 2012)
|
| 952 |
|
|
|0 0
|1 0
|4 0
|7 0
|8 0
|a SNK
|b SNK
|d 2017-07-31
|i snk2017/17412
|l 0
|o snkČSB 5414/2013
|p 17A1262842
|r 2026-02-21 21:48:37
|t č. dec.
|w 2026-02-21
|y PREZ
|z Vianočná Fintická mozaika
|
| 952 |
|
|
|0 0
|1 0
|4 0
|7 0
|8 0
|a SNK
|b SNK
|d 2017-07-31
|i snk2017/17412
|l 0
|o snkČSB 5414/2014
|p 17A1262843
|r 2026-02-21 21:48:37
|t č. dec.
|w 2026-02-21
|y PREZ
|
| 952 |
|
|
|0 0
|1 0
|4 0
|7 0
|8 0
|a SNK
|b SNK
|d 2017-07-31
|i snk2017/17412
|l 0
|o snkČSB 5414/2015
|p 17A1262844
|r 2026-02-21 21:48:37
|t č. dec.
|w 2026-02-21
|y PREZ
|
| 952 |
|
|
|0 0
|1 0
|4 0
|7 0
|8 0
|a SNK
|b SNK
|d 2017-07-31
|i snk2017/17412
|l 0
|o snkČSB 5414/2016
|p 17A1262845
|r 2026-02-21 21:48:37
|t č. 1-2
|w 2026-02-21
|y PREZ
|z Č. 1 - aug., č. 2 - dec.
|
| 952 |
|
|
|0 0
|1 0
|4 0
|7 0
|8 0
|a SNK
|b SNK
|d 2020-02-14
|i snk2020/3555
|l 0
|o snkČSB 5414/2019
|p 17A1386942
|r 2026-02-21 22:29:30
|t č. dec.
|w 2026-02-21
|y PREZ
|